NHL - Name all the teams - Statistics

General Stats
  • This quiz has been taken 376 times
    59 since last reset
  • The average score is 30 of 32
Answer Stats
Équipes % Correct
Bruins
98%
Canadiens
98%
Islanders
98%
Kings
98%
Knights
98%
Rangers
98%
Sharks
98%
Capitals
95%
Ducks
95%
Maple Leafs
95%
Panthers
95%
Senators
95%
Stars
95%
Avalanche
93%
Canucks
93%
Devils
93%
Flames
93%
Oilers
93%
Blackhawks
91%
Blues
91%
Hurricanes
91%
Lightning
91%
Penguins
91%
Predators
91%
Red Wings
91%
Jets
88%
Utah Hockey Club
88%
Wild
88%
Flyers
86%
Kraken
86%
Blue Jackets
84%
Sabres
81%
No matching quizzes found
Score Distribution
Percent of People with Each Score
Percentile by Number Answered
Your Score History
You have not taken this quiz since the last reset